| 000 | 01056cam a2200301 i 4500 | ||
|---|---|---|---|
| 001 | 17669243 | ||
| 005 | 20170105102839.0 | ||
| 008 | 130322s2013 pk a i 000 0aeng | ||
| 010 | _a 2013344252 | ||
| 020 | _a9789694025650 | ||
| 040 |
_aDLC _beng _cDLC _erda |
||
| 042 |
_alcode _apcc |
||
| 043 | _aa-pk--- | ||
| 050 | 0 | 0 |
_aU55.B2265 _bB35 2013 |
| 082 | _a355.009 | ||
| 100 | 1 | _aBajwa, Abu Bakr Amin. | |
| 245 | 1 | 0 |
_aInside Waziristan : _bjourney from war to peace -- insight into the Taliban movement and an account of protecting people from terrorists / _cby Brigadier Abu Bakr Amin Bajwa. |
| 300 |
_axiv, 168 pages : _billustrations ; _c23 cm |
||
| 500 | _aIncludes index. | ||
| 600 | 1 | 0 | _aBajwa, Abu Bakr Amin. |
| 610 | 1 | 0 |
_aPakistan. _bArmy _xOfficers _vBiography. |
| 610 | 2 | 0 | _aTaliban. |
| 650 | 0 |
_aSoldiers _zPakistan _vBiography. |
|
| 650 | 0 |
_aTerrorism _xGovernment policy _zPakistan _zSouth Wazīristān Agency. |
|
| 906 |
_a7 _bcbc _corigode _d3 _encip _f20 _gy-gencatlg |
||
| 942 |
_2ddc _cBK |
||
| 999 |
_c13784 _d13784 |
||